Ciele a úlohy Ruskej federácie pri vstupe do Svetovej obchodnej organizácie

Základné úlohy Ruska pri vstupe do WTO. Smerovanie k budovaniu otvorenej ekonomiky, ktoré bolo vyhlásené v Rusku začiatkom obdobia transformácie, znamená zameranie na rozvoj zahraničnoobchodných vzťahov so Západom, obnovenie vzťahov so štátmi SNŠ a získanie nových partnerov vo svetovom obchode. Okre...

ver descrição completa

Na minha lista:
Detalhes bibliográficos
Autor principal: Dorokhov, Denys
Formato: Capítulo de Livro
Idioma:eslovaco
Assuntos:
Tags: Adicionar Tag
Sem tags, seja o primeiro a adicionar uma tag!

MARC

LEADER 00000nla$a2200000$$$4500
001 0127366
005 20221103134404.8
041 0 |a slo 
044 |a SK 
245 1 0 |a Ciele a úlohy Ruskej federácie pri vstupe do Svetovej obchodnej organizácie  |c Denis Dorochov 
520 |a Základné úlohy Ruska pri vstupe do WTO. Smerovanie k budovaniu otvorenej ekonomiky, ktoré bolo vyhlásené v Rusku začiatkom obdobia transformácie, znamená zameranie na rozvoj zahraničnoobchodných vzťahov so Západom, obnovenie vzťahov so štátmi SNŠ a získanie nových partnerov vo svetovom obchode. Okrem liberalizácie obchodu a rozšírenia zahraničnoobchodnej činnosti sú viditeľné veľké snahy ruskej vlády o získanie nových technológií, stratégií výroby, úverov a investícií, potrebných pre rozvoj a modernizáciu ekonomiky. 
610 2 0 |a Rusko 
610 2 0 |a transformácia 
610 2 0 |a liberalizácia 
610 2 0 |a obchod 
610 2 0 |a organizácie obchodné 
610 2 0 |a organizácie obchodu zahraničného 
100 1 |a Dorokhov, Denys